| 000 | 00960nam0a22002651 4500 | ||
|---|---|---|---|
| 001 | rc\160545 | ||
| 005 | 20250620213216.0 | ||
| 010 |
_a5-87299-067-7 _915000 |
||
| 035 | _a(NLR Aleph) 005426094 | ||
| 090 |
_a7527506 _c7527506 |
||
| 100 | _a20030307d1994 |||y0rusy50 ca | ||
| 101 | 0 | _arus | |
| 102 | _aRU | ||
| 105 | _aa ||||||||| | ||
| 200 | 1 |
_aМистическая спираль _eПутешествие души. Путеводитель по Космич. Сознанию _e[Перевод _fД. Перс] |
|
| 210 |
_a[М.] _cКульт.-произв. центр "Марта" _dБ. г. (1994) |
||
| 215 |
_a129, [1] с. _cв основном ил. _d29 |
||
| 300 | _aНа обл. авт.: Дж. Перс | ||
| 300 | _aПеревод изд.: The mystic spiral / Jill Purce (Thames and Hudson) | ||
| 701 | 1 |
_aПерс _bД. _gДжилл |
|
| 801 | 0 |
_aRU _bNLR _gpsbo |
|
| 801 | 1 |
_aRU _bELAR _2rusmarc |
|
| 852 |
_aNLR _j94-8/491 |
||
| 942 | _cBOOK | ||
| 980 | _aNB | ||